000 00685nam a2200193Ia 4500
003 IN-BaIIA
008 211028s9999 xx 000 0 eng d
020 _a978-0-470-19040-1
040 _cIIA Library
080 _a621.396.67
_bSAR
100 _aSarkar, T. K
_932531
245 0 _aPhysics of multiantenna systems and broadband processing
_cT. K Sarkar
260 _aNew Jersey
_bJohn Wiley & Sons
_c2008
300 _axxi, 562p.
650 _aAntenna arrays - mathematical models
_932532
650 _aBroadband communication systems - mathematical models
_932533
650 _aMIMO systems - mathematical model
_932534
942 _cBK
999 _c17261
_d17261